000 01135cam a2200313 a 4500
001 2630854
003 ARRUPE
005 20220330084948.0
008 990415s1999 enka b 001 0 eng
010 _a 99029721
020 _a0415208181 (hbk)
020 _a041520819X (pbk)
040 _aDLC
_cDLC
_dDLC
050 0 0 _aQ175.32.R42
_bP75 1999
082 0 0 _a501
_221
100 1 _aPsillos, Stathis,
_d1965-
_92898
245 1 0 _aScientific realism :
_bhow science tracks truth /
_cStathis Psillos.
260 _aLondon ;
_aNew York :
_bRoutledge,
_c1999.
300 _axxv, 341 p. :
_bill. ;
_c24 cm.
440 0 _aPhilosophical issues in science
_934361
504 _aIncludes bibliographical references (p. [315]-330) and index.
650 0 _aRealism.
_911315
650 0 _aScience
_xPhilosophy.
856 4 2 _3Publisher description
_uhttp://www.loc.gov/catdir/enhancements/fy0650/99029721-d.html
906 _a7
_bcbc
_corignew
_d1
_eocip
_f19
_gy-gencatlg
942 _2lcc
_cMONOGRAPH
999 _c131154
_d131154